Top scorers for barca - Statistics

General Stats
  • This quiz has been taken 375 times
  • The average score is 3 of 10
Answer Stats
Goals Players % Correct
672 Messi
100%
198 Suarez
88%
130 Eto'o
50%
130 Rivaldo
30%
194 Kubala
13%
232 Rodriguez
5%
143 Alcantara
4%
184 Samitier
3%
167 Escola
2%
128 Mariano
2%
No matching quizzes found
Score Distribution
Percent of People with Each Score
Percentile by Number Answered
Your Score History
You have not taken this quiz